| 000 | 00642 a2200193 4500 | ||
|---|---|---|---|
| 020 | _a9812531629 | ||
| 020 | _a9789812531629 | ||
| 090 |
_c2184 _d2184 |
||
| 100 | 1 | _aFitzRoy, Peter. | |
| 245 | 1 | 0 |
_aStrategic management : _bcreating value in turbulent times / _cPeter FitzRoy. |
| 250 | _a1st ed. | ||
| 260 |
_a[S.l.] : _bWiley, _c2004. |
||
| 300 | _a432 p. | ||
| 500 | _aPaperback. | ||
| 700 | 1 | _aHulbert, James. | |
| 856 | 4 | 0 |
_3Amazon.com _uhttp://www.amazon.com/exec/obidos/ASIN/9812531629/chopaconline-20 |
| 856 | 4 | 0 |
_3Amazon customer reviews _uhttp://www.chopac.org/cgi-bin/tools/azrev.pl?q=9812531629 |
| 942 |
_aNBS _cBK _k658.8012 FIT |
||
| 999 |
_c344686 _d344686 |
||